01071nab a22002297a 4500003000400000005001700004008004100021040000700062100002300069245014500092260007300237300001300310500003600323505011900359505008100478650001800559650003000577650002000607650003400627650003000661773015000691OSt20260219121030.0190429b xxu||||| |||| 00| 0 spa d cPJ aSaldaño, Darío10aAnálisis dogmático del delito de confabulación, art. 29 bis, en relación al art. 5°, inc. c) de la ley 23.737 /cDarío Saldaño. cCiudad Autónoma de Buenos Aires :aThomson Reuters La Ley, b2024. ap. 12-20 aCita: TR LALEY AR/DOC/1713/2024 aSumario: I. Aclaraciones preliminares.— II. Análisis del art. 29 bis de la ley 23.737.— III. Conclusión.  tSi te interesa el texto completo, solicitalo a koha@justierradelfuego.gov.ar 0aDERECHO PENAL 0aRÉGIMEN PENAL ADUANERO  0aESTUPEFACIENTES 0aTRÁFICO DE ESTUPEFACIENTES  0aDELITO DE CONFABULACIÓN0 02658tRevista de derecho penal y criminología. Nº 8 - Agosto 2024dCiudad Autónoma de Buenos Aires : Thomson Reuters La Ley, 2017-x00347914